ბათუმის შოთა რუსთაველის სახელმწიფო უნივერსიტეტის ბიბლიოთეკა

Scientology, a history of man : (ბიბ.ჩანაწერი № 58276)

000 -LEADER
fixed length control field 00890cam a2200205 a 4500
001 - CONTROL NUMBER
control field 15216130
005 - DATE AND TIME OF LATEST TRANSACTION
control field 20211020124510.0
008 - FIXED-LENGTH DATA ELEMENTS--GENERAL INFORMATION
fixed length control field 080312s2007 caua 001 0 eng d
020 ## - INTERNATIONAL STANDARD BOOK NUMBER
International Standard Book Number 9788779897489
041 ## - LANGUAGE CODE
Language code of text/sound track or separate title eng
080 ## - UNIVERSAL DECIMAL CLASSIFICATION NUMBER
Universal Decimal Classification number 299.93 H-88
100 1# - MAIN ENTRY--PERSONAL NAME
Personal name Hubbard, L. Ron
Fuller form of name
Dates associated with a name
9 (RLIN) 12506
245 10 - TITLE STATEMENT
Title Scientology, a history of man :
Remainder of title a list and description of the principal incidents to be found in a human being /
Statement of responsibility, etc. by L. Ron Hubbard.
264 ## - PRODUCTION, PUBLICATION, DISTRIBUTION, MANUFACTURE, AND COPYRIGHT NOTICE
Place of production, publication, distribution, manufacture Los Angeles :
Name of producer, publisher, distributor, manufacturer New Era,
Date of production, publication, distribution, manufacture, or copyright notice 2007.
300 ## - PHYSICAL DESCRIPTION
Extent 247 p. :
Other physical details ill. ;
Dimensions 25 cm.
440 ## - SERIES STATEMENT/ADDED ENTRY--TITLE
Title A Scientology Publication
9 (RLIN) 12670
653 ## - INDEX TERM--UNCONTROLLED
keyword a list and description of the principal incidents to be found in a human being
653 ## - INDEX TERM--UNCONTROLLED
keyword ადამიანებში აღმოჩენილი ძირითადი ინციდენტების ჩამონათვალი და აღწერა
942 ## - ADDED ENTRY ELEMENTS (KOHA)
Source of classification or shelving scheme
Koha item type წიგნი
ეგზემპლარები
Withdrawn status Lost status Source of classification or shelving scheme Damaged status Not for loan Permanent Location Current Location Shelving location Date acquired Cost, normal purchase price Full call number Barcode Date last seen Copy number Price effective from Koha item type Public note
          ბათუმის შოთა რუსთაველის სახელმწიფო უნივერსიტეტის მთავარი ბიბლიოთეკა ბათუმის შოთა რუსთაველის სახელმწიფო უნივერსიტეტის მთავარი ბიბლიოთეკა წიგნსაცავი 2021-10-20 21.00 299.93 H-88 61876 2021-10-20 61876 2021-10-20 წიგნი 21 ლ. 43თ.